Harmonic analysis on reductive p-adic groups

Αποθηκεύτηκε σε:
Λεπτομέρειες βιβλιογραφικής εγγραφής
Κύριος συγγραφέας: Harish-Chandra
Μορφή: Βιβλίο
Γλώσσα:English
Δημοσίευση: Berlin : Springer-Verlag, 1970
Σειρά:Lecture notes in mathematics (Springer-Verlag) ; 162
Θέματα:
Ετικέτες: Προσθήκη ετικέτας
Δεν υπάρχουν, Καταχωρήστε ετικέτα πρώτοι!

MARC

LEADER 00000nam a2200000 i 4500
001 1/36813
008 941103s1970 eng d
035 |a 1993  |l 10040338 
040 |a GR-MY-UA  |b gre  |e aacr 
041 0 |a eng 
082 0 |a 512.2 
100 1 |a Harish-Chandra. 
245 1 0 |a Harmonic analysis on reductive p-adic groups /  |c Harish-Chandra ; notes by G. Van Dijk 
260 |a Berlin :   |b Springer-Verlag,   |c 1970 
300 |a iv, 125 p.;  |c 25 cm. 
490 1 |a Lecture notes in mathematics (Springer-Verlag)  |v ; 162 
650 0 0 |a p-adic groups. 
650 0 0 |a Harmonic analysis. 
830 0 |a Lecture notes in mathematics (Springer-Verlag)  |v ; 162 
852 |a INST  |b SAMOS  |e 19941103  |h 512.2 HAR  |p 005300008125  |q 005300008125  |t BK  |y 0 
909 |a Σ  |b 028824